000
00297nam a22001337a 4500
008
170929b xxu||||| |||| 00| 0 eng d
020
_a
9780536972408
041
_a
eng
080
_2
3RD
_a
37
100
_a
47
101
_a
EDU
245
_a
THE NEW CENTURY HANDBOOK
_c
HULT,CH.A
942
_2
udc
_c
BK
999
_c
30600
_d
30600